Guess the Fusion Rock Song Lyrics #333 - Statistics

General Stats
  • This quiz has been taken 18 times
  • The average score is 167 of 243
Answer Stats
Answer % Correct
I
100%
a
94%
you
94%
You
94%
it
88%
La
88%
la
88%
love
88%
me
88%
to
88%
We
88%
we
88%
when
88%
be
81%
It's
81%
your
81%
and
75%
And
75%
could
75%
do
75%
if
75%
know
75%
Oh
75%
on
75%
see
75%
that
75%
want
75%
Can
69%
got
69%
just
69%
like
69%
what
69%
But
63%
Eric Clapton
63%
for
63%
how
63%
How
63%
is
63%
will
63%
all
56%
always
56%
at
56%
don't
56%
get
56%
let
56%
made
56%
never
56%
would
56%
you'd
56%
care
50%
come
50%
mine
50%
they
50%
time
50%
cause
44%
give
44%
good
44%
home
44%
night
44%
take
44%
we'd
44%
woman
44%
end
38%
mind
38%
real
38%
saw
38%
them
38%
tried
38%
yours
38%
away
31%
Because
31%
friends
31%
leave
31%
vow
31%
commotion
25%
fine
25%
hate
25%
problem
25%
promises
25%
smile
25%
still
25%
years
25%
alone
19%
calling
19%
distant
19%
lovers
19%
relate
19%
sea
19%
town
19%
melt
13%
upon
13%
delights
6%
Having
6%
refuse
6%
Rowing
0%
No matching quizzes found
Score Distribution
Percent of People with Each Score
Percentile by Number Answered
Your Score History
You have not taken this quiz